000 00732nam a2200241Ia 4500
005 20250508155321.0
008 008 250505s9999 xx 000 0 eng d
037 _aTextBook
040 _aFEDL
_beng
_cFEDL
041 _aeng
_2eng
084 _a300.7, NAT
_qFEDL
100 _aHebbrt Louis J
_9766851
245 0 _aStructure in the social studies
245 0 _cNational Council for the social studies
260 _aWashington, USA
_bNational Council for the Social Studies
300 _aix, 110p
365 _aGifted
490 _aSocial Studies Readings No 3
650 _aSocial Sciences-Teaching
_9757285
700 _a Murphy William
_9766852
942 _cTB
_h300.7, NAT
999 _c1356017
_d1356017